Estatísticas para Territórios dependentes e suas soberanias

Clique aqui para jogar o quiz

Estatísticas Gerais

  • Esse quiz foi jogado 169 vezes
  • A pontuação média é 17 de 37

Estatísticas das Respostas

TerritórioSoberania% Correto
GroelândiaDinamarca
79%
Porto RicoEstados Unidos
76%
CuraçãoPaíses Baixos
72%
ArubaPaíses Baixos
69%
Ilhas Virgens BritânicasReino Unido
69%
Ilhas Virgens AmericanasEstados Unidos
68%
Ilhas FaroéDinamarca
60%
GuamEstados Unidos
56%
Ilhas MalvinasReino Unido
55%
Ilhas CookNova Zelândia
54%
Samoa AmericanaEstados Unidos
54%
Polinésia FrancesaFrança
53%
Ilhas CaymanReino Unido
52%
GibraltarReino Unido
51%
Nova CaledôniaFrança
49%
NiueNova Zelândia
47%
BermudaReino Unido
45%
Santa Helena, Ascensão e Tristão da CunhaReino Unido
45%
Ilha de ManReino Unido
44%
São MartinhoFrança
43%
Ilhas Marianas SetentrionaisEstados Unidos
41%
São MartinhoPaíses Baixos
41%
Ilhas Turks e CaicosReino Unido
39%
GuerneseyReino Unido
36%
JerseyReino Unido
36%
MontserratReino Unido
36%
AnguilaReino Unido
34%
São BartolomeuFrança
34%
Ilha ChristmasAustrália
33%
Ilhas CocosAustrália
31%
Ilhas PitcairnReino Unido
30%
Saint-Pierre e MiquelonFrança
30%
TokelauNova Zelândia
30%
Wallis e FutunaFrança
30%
Ilha NorfolkAustrália
29%
Antilhas NeerlandesasPaíses Baixos
12%
Acrotíri e DeceliaReino Unido
11%

Distribuição das Pontuações

Percentil de Números Respondidos

Porcentagem de Pessoas com Cada Pontuação

Sua Pontuação Histórica

Você não jogou esse quiz